MDQL
is popping MORE tags! Check the
thread
!
Quizzes
Events
Quiz Creation
Community
Videos
Private Events
Remove Ads
Sign In
Join for FREE
Feedback
Dark Mode
Quiz Categories
Sports
Geography
Music
Movies
Television
Just For Fun
Miscellaneous
History
Literature
Language
Science
Gaming
Entertainment
Religion
Holiday
For Kids
Quiz Lab
Recent
Popular Today
Quiz Kudos Today
Editor Picks
Curator Picks
Quizzes by...
Day
Popularity
Type
Ratings
Length
Year
Community
Subscriptions
Recent Discussions
Orange Saloon
Badges
Playlists
Quests
Create
Leaderboards
Showdown
Live 5
Trivia Bingo
Activity
Puzzle Library
Sporcle Events
Private Events
Virtual Trivia
Globe League
Become a Host
Pub Owners
SporcleCon
Opinionation
Our Games
Videos
Blog
Mobile Apps
Partnerships
Remove Ads and Go Orange
Feedback
Holiday
Halloween
Christmas
Holiday Songs
April Fools'
Thanksgiving
Valentine's Day
Easter
St Patrick's Day
National Holiday
Religious Holiday
Holiday
Halloween
Christmas
Holiday Songs
April Fools'
Thanksgiving
Valentine's Day
Easter
St Patrick's Day
National Holiday
Religious Holiday
Random Quiz
Search Sporcle
×
Quiz Lab
Quiz Lab
Holiday
Religious Holiday
Type in answers that appear in a list
Type in answers that appear in a list
Classic
Best Score? Go Orange.
Christmas Cartoon Characters (Image) Stats
Can you name the cartoon characters from these 1960's & 1970's Christmas specials?
By
jimborama
9m
30 Questions
990 Plays
990 Plays
990 Plays
Comments
Comments
Give Quiz Kudos
Give Quiz Kudos
-
- Ratings
hide this ad
More Info
Replay
Link that replays current quiz
Next Quiz
Link to next quiz in quiz playlist
You Got
0%
They Got
Avg Score
39%
Avg Friend Score
Upgrade to see
Score Distribution
Jump to the score distribution portion of the page
Score
0/30
Timer
09:00
0
Plays Today
Number
Character
% Correct
1
Rudolph the Red-Nosed-Reindeer
90.2%
13
The Grinch
77.5%
16
Frosty the Snowman
76.9%
8
Charlie Brown
74.6%
20
Kris Kringle
57.4%
15
The Little Drummer Boy
56.1%
14
Cindy Lou Who
54.4%
10
Pig-Pen
52.6%
26
Heat Miser
50.6%
28
Baby New Year
42.1%
29
Father Time
41.7%
6
Yukon Cornelius
41.5%
3
Charlie-in-the-Box
41.2%
4
Clarice the Doe
41.2%
27
Snow Miser
41.1%
Number
Character
% Correct
2
The Bumble Monster
39.5%
21
Winter Warlock
34.8%
22
Burgermeister Meisterburger
32.2%
5
Hermey the Elf
31%
12
Violet
29.3%
17
Karen
28.3%
30
Nestor, The Long-Eared Christmas Donkey
22.6%
18
Hocus-Pocus
20.4%
7
King Moonracer
19.4%
9
Shermy
19.1%
11
Frieda
17.6%
19
Professor Hinkle
16.7%
25
Father Mouse
13.5%
24
Albert Mouse
9.1%
23
Joshua Trundle
8.6%
Quiz Playlist
Details
Report
Send in Message
Add To Playlist
More Info:
Holiday specials of the 60's and 70's - We've all seen them. Everyone remembers the main characters, but what about the supporting cast?
Classic:
Type in answers that appear in a list
Last Updated: Oct 2, 2017
Quiz Scoreboard
CHALLENGE
Sign Up to Join the Scoreboard
Show All
Scores
Hide
Comments
May contain spoilers
Recently Published
Two Season TV Shows II
by 123Four
Television
10m
Image Sorting: Flags VI
by Barbecue
Geography
2m
Find the 'City' Movie
by crazypaving
Movies
60s
More to Explore
Quiz From the Vault
Featured Blog Post
14 Easter Pick-up Lines to Find Eggs With
hide this ad
You Might Also Like...
Tags
Christmas Quiz
Religious Holiday Quiz
1960
1970s
Cartoon Characters
Character
Charlie Brown
Image Quiz
rudolph
Santa Claus
Snow
Today's Top Quizzes in Holiday
Browse Holiday
hide this ad
Today's Top Quizzes in Religious Holiday
Browse Religious Holiday
Top Contributed Quizzes in Holiday
1
Pick the Easter Eggs hidden in the Garden
2
April Fools' Zebra Puzzle
3
Picture Click Blitz: Easter
4
5-to-1: Holiday Songs
5
Easter Teddy Bears
6
5-to-1: Thanksgiving
7
Easter - Did You Know?
8
Image Sorting: Holidays II
9
Draw a Badge: Hey, It's Leap Day
10
Click the Cartoon Easter Bunny
Explore More
Trending Topics
Crossword
Kpop
Harry Potter
NBA
Disney
Anime
Marvel
The Office
WWE
Pokémon
NFL
Song
Soccer
Puzzle
Country
hide this ad
More By:
jimborama
Quiz
Plays
Rating
Category
Featured
Created
Fictional Rabbits & Bunnies
100,409
4.43
Holiday
Feb 23, 2010
TV Show Opening Credits III
56,640
4.33
Television
Aug 22, 2012
Famous Toms
32,269
3.75
Miscellaneous
Feb 13, 2010
Movie Studio by Logo (Picture Quiz)
8,025
4.35
Movies
Nov 26, 2010
NFL Career Rushing Leaders by College Attended
4,622
4.76
Sports
Aug 29, 2012
Go to Creator's Profile
Score Distribution
Quiz Creator Spotlight
jimborama
Follow
Send a Message
Quizzes Created
-
Created Quiz Play Count
-
More By This Creator
Popular Quizzes Today
1
Find the US States - No Outlines Minefield
2
Colored Red Africa Blitz
3
Find the 'City' Movie
4
5x2 Blitz: Bands
5
The Countries of the World
6
Find the Countries of Europe - No Outlines Minefield
7
Find the US States
8
US States
More Holiday Quizzes
St. Patrick's Day Celebrities
Published
Trending Quizzes
Colored Red Europe Blitz I
Colored Red Africa Blitz II
Colored Red Europe Blitz II
Even More Two Season TV Shows
Colored Red Africa Blitz III
Recently Updated
March Madness Men's Triple Doubles
pecheneg
How Do You Spell That?
pecheneg
Godzilla Movies
pecheneg
Grab Bag: 4-10 Letters
pecheneg
2024 March Madness Bracket
pecheneg
Famous TV Couples
Peacemaker
Champions League XIs: Real Madrid
pecheneg
Largest US Cities 1790-2010
pecheneg
Rides in Walt Disney World
pecheneg
Most Oscar Losses (Acting)
pecheneg
Trending Topics
NBA
Harry Potter
Kpop
Marvel
Crossword
Disney
Anime
Puzzle
Country
WWE
The Office
Song
NFL
Soccer
Pokémon
Your Account Isn't Verified!
In order to create a playlist on Sporcle, you need to verify the email address you used during registration. Go to your
Sporcle Settings
to finish the process.
Report this User
Report this user for behavior that violates our
Community Guidelines
.
Details:
Send Report
Go to the Sporcle.com Mobile Site →
Comments